Going for growth : Technological innovation in manufacturing industries
Sparad:
| Huvudupphovsman: | |
|---|---|
| Materialtyp: | Bok |
| Språk: | Undetermined |
| Publicerad: |
New York
John Wiley & Sons
1985
|
| Ämnen: | |
| Taggar: |
Lägg till en tagg
Inga taggar, Lägg till första taggen!
|
| Thư viện lưu trữ: | Trung tâm Học liệu Trường Đại học Cần Thơ |
|---|
| LEADER | 00567nam a2200205Ia 4500 | ||
|---|---|---|---|
| 001 | CTU_78472 | ||
| 008 | 210402s9999 xx 000 0 und d | ||
| 082 | |a 338 | ||
| 082 | |b P238 | ||
| 100 | |a Parker, R. C. | ||
| 245 | 0 | |a Going for growth : | |
| 245 | 0 | |b Technological innovation in manufacturing industries | |
| 245 | 0 | |c R. C. Parker | |
| 260 | |a New York | ||
| 260 | |b John Wiley & Sons | ||
| 260 | |c 1985 | ||
| 650 | |a Technological innovation | ||
| 650 | |z Great Britain | ||
| 904 | |i Giang,Giang | ||
| 980 | |a Trung tâm Học liệu Trường Đại học Cần Thơ | ||